First-Letter Replacements Quiz Stats

 Plays Quiz Updated Mar 11, 2019

Score 0/26 Timer 04:00
3 Plays Today
Question Answer Wrong Answers
D FRYER
95.5%
WEEVIL
0.8%
METRIC
0.6%
VIVID
1.1%
H BOARDER
92.7%
MARINE
0.5%
QUARRY
0.4%
OASIS
0.5%
S IONIC
91.3%
NOBODY
0.1%
ZODIAC
0.2%
WALLABY
0.2%
T COFFEE
91%
PAYPHONE
0.2%
FATALITY
0.4%
SEPARATE
0.3%
G LIST
91%
FRONTIER
1%
WOMEN
1.1%
POSTURE
1.2%
R COOKIE
90.2%
AESTHETICS
0.2%
FULLER
1.3%
EERIE
0.4%
O UNION
89.8%
ARRANGE
1.3%
EULOGY
1.1%
TECHNOLOGY
0.1%
Z DIPPER
89.5%
ROOMMATE
0.2%
SAPPHIRE
1.2%
HEROINE
0.2%
U KNITS
89.1%
ISOTOPE
1.4%
SPINAL
1%
EXIT
0.3%
Y LEARNING
88.8%
SOUTHERN
0.6%
ROUTINE
0.3%
POLKA
1.6%
V CORTEX
88.2%
MILLION
0.6%
PHANTOM
0.2%
LEMON
2.8%
F NORMAL
88.1%
PLAGUE
1.7%
ERASURE
3.6%
DISHWASHER
1.5%
J MUTE
86.7%
YESTERDAY
1.3%
ROOM
4.7%
DRAGON
1%
E WITHER
86.7%
TRACER
5.6%
ILLUMINATE
2.9%
ANGEL
1%
Q SUITE
86.4%
AUDIBLE
0.6%
NUISANCE
2.3%
DUODENUM
2.8%
X GENOPHOBIA
86.4%
REGULAR
0.2%
CELLOPHANE
4.5%
SOCIOPATH
0.4%
P RARITY
84.8%
CITYSCAPE
0.6%
TREASURE
4.8%
SONOLOGY
2.1%
A ILLUSION
84.1%
SPEAR
2.8%
CLERGY
10.7%
EDITION
2.2%
L NUMBER
84%
SEIZURE
7.6%
KETTLE
0.6%
JEOPARDY
1.1%
M SINISTER
83%
COMMENTARY
2.8%
DETERRENCE
0.2%
VIRIDIAN
6.8%
B MORONIC
81.5%
CRINGE
12.4%
TOKEN
3.9%
DELIVERY
1.3%
W TRENCH
81.1%
BARRIER
8.7%
ARABLE
1%
LOVABLE
0.8%
N GEOLOGY
79.1%
PESTICIDE
5.1%
FEUDALISM
5.1%
LISTENED
3%
I LAMB
59.3%
ENTERPRISE
27.5%
UTOPIA
5.4%
CHRONIC
1.6%
C ELASTIC
32.1%
VIPER
9.7%
PRESENT
33.5%
SLOUCH
23.2%
K PRONE
29.9%
TRYPTONE
44.4%
SNIPE
8.6%
UNITED
10.6%

You're not logged in!

Compare scores with friends on all Sporcle quizzes.
OR
Log In

Sporcle TV

Today on Sporcle TV


Watch our educational content, quiz creation guides, and fun videos on Sporcle TV.

Show Comments

Extras

Top Quizzes Today


Score Distribution

Your Account Isn't Verified!

In order to create a playlist on Sporcle, you need to verify the email address you used during registration. Go to your Sporcle Settings to finish the process.

Report this User

Report this user for behavior that violates our Community Guidelines.

Details: